| 000 | 00477nam a2200205Ia 4500 | ||
|---|---|---|---|
| 008 | 170918s9999 xx 000 0 und d | ||
| 020 | _a9780531162217 | ||
| 050 | _bS729 2002 | ||
| 100 | _aSouza, D. M. | ||
| 245 | _aFreaky flowers / | ||
| 245 | _cD. M. Souza. | ||
| 260 | _aNew York : | ||
| 260 | _bFranklin Watts, | ||
| 260 | _c2002 | ||
| 300 | _a63 pages : | ||
| 300 | _bcolored illustration ; | ||
| 300 | _c23cm. | ||
| 440 | _aWatts library. | ||
| 500 | _a1110 | ||
| 999 |
_c342635 _d342635 |
||